Physical geography: a landscape appreciation (Record no. 68250)

MARC details
000 -LEADER
fixed length control field 00398nam a2200157Ia 4500
008 - FIXED-LENGTH DATA ELEMENTS--GENERAL INFORMATION
fixed length control field 230917s9999||||xx |||||||||||||| ||und||
040 ## - CATALOGING SOURCE
-- 82362
Original cataloging agency VIVEKANANDA LIBRARY
041 ## - Language
-- English
082 ## - DDC NUMBER
Classification number 551 M218P
100 ## - MAIN ENTRY--PERSONAL NAME
Personal name Mcknight, Tom L
245 #0 - TITLE STATEMENT
Title Physical geography: a landscape appreciation
250 ## - EDITION STATEMENT
Edition statement 3rd ed.
260 ## - PUBLICATION, DISTRIBUTION, ETC. (IMPRINT)
Place of publication, distribution, etc New Jersey
Name of publisher, distributor, etc Prentice Hall
Date of publication, distribution, etc 1984
300 ## - PHYSICAL DESCRIPTION
Pages xii, 610 p.
942 ## - ADDED ENTRY ELEMENTS (KOHA)
Koha item type Books
Holdings
Withdrawn status Lost status Damaged status Not for loan Location (home branch) Sublocation or collection (holding branch) Shelving location Date acquired Koha issues (times borrowed) Koha full call number Accession No. Koha date last seen Koha item type
        VIVEKANANDA LIBRARY VIVEKANANDA LIBRARY Geography Department 17/03/2003   551 M218P 141196 17/09/2023 Books
© Designed and Maintained by Vivekananda Library, MDU Rohtak